NLSUI OPAC header image

Religion and society among the coorgs of South India (Record no. 2571)

MARC details
000 -LEADER
fixed length control field 00445nam a2200157Ia 4500
008 - FIXED-LENGTH DATA ELEMENTS--GENERAL INFORMATION
fixed length control field 160316s1989 xxu||||| |||| 00| 0 eng d
082 ## - DEWEY DECIMAL CLASSIFICATION NUMBER
Classification number 294.509542
Item number SRI
100 ## - MAIN ENTRY--PERSONAL NAME
Personal name Srinivas M N
245 ## - TITLE STATEMENT
Title Religion and society among the coorgs of South India
250 ## - EDITION STATEMENT
Edition statement
260 ## - PUBLICATION, DISTRIBUTION, ETC.
Place of publication, distribution, etc. Bombay
Name of publisher, distributor, etc. Media Promoters and Publishers
Date of publication, distribution, etc. 1989
300 ## - PHYSICAL DESCRIPTION
Extent 269p
Other physical details 20 cm
Dimensions xiv
365 ## - TRADE PRICE
Price amount
650 ## - SUBJECT ADDED ENTRY--TOPICAL TERM
Topical term or geographic name entry element 1.Religion and society- South India- Coorg
700 ## - ADDED ENTRY--PERSONAL NAME
Personal name
--
Holdings
Withdrawn status Lost status Damaged status Not for loan Home library Current library Shelving location Date acquired Cost, normal purchase price Total Checkouts Total Renewals Full call number Barcode Date last seen Date last checked out Price effective from Koha item type
        . . Library Compactors 30.05.2017 32.00 2 2 294.509542 SRI 2705 29.12.2025 04.12.2025 30.05.2017 BOOKs